| 000 | 00749nam a2200229 a 4500 | ||
|---|---|---|---|
| 001 | 10983 | ||
| 003 | BD-RjUL | ||
| 005 | 20211208235041.0 | ||
| 008 | 140125r19601953mauabdf b 00010 eng d | ||
| 035 | _a(BD-RjUL)11032 | ||
| 040 |
_aXerox _dBD-RjUL _beng _cBD-RjUL |
||
| 041 | _aeng | ||
| 082 | 0 | 0 |
_a551.5 _bCLI 1960 |
| 245 | 1 | 0 |
_aClimatic change : _bevidence, causes, and effects / _cedited by Harlow Shapley. |
| 260 |
_aCambridge (Mass.) : _bHarvard University Press, _cc1953 [Printing 1960]. |
||
| 300 |
_axii, 318 p., [1] leaf of plates : _bill., charts, maps ; _c25 cm. |
||
| 504 | _aIncludes bibliographies. | ||
| 650 | 0 |
_aClimatic changes. _933940 |
|
| 700 | 1 |
_aShapley, Harlow, _d1885-1972. _925079 |
|
| 942 |
_2ddc _cBK |
||
| 999 |
_c10983 _d10983 |
||